Artistas Musicales de Chile - Estadísticas

Estadísticas generales
  • Esta prueba ha sido intentada 197 veces
  • La puntuación promedio es 21 de 30
Estadísticas de respuestas
Canciones Artista % Correcto
"Gracias a la vida", "La jardinera", "Volver a los diecisiete" Violeta Parra
93%
"Llueve sobre la ciudad", "Bailando solo", "Ven aquí" Los Bunkers
90%
"Mira niñita", "Todos juntos", "Hijos de la tierra" Los Jaivas
89%
"Estrechez de corazón", "El baile de los que sobran", "Tren al sur" Los Prisioneros
89%
"Antes de ti", "Tormento", "Tu falta de querer" Mon Laferte
87%
"He barrido el sol", "Un amor violento", "La torre de Babel" Los Tres
86%
"El derecho de vivir en paz", "Luchín", "Te recuerdo Amanda" Víctor Jara
83%
"Una noche en Medellín", "Daytona", "Como te va" Cris MJ
77%
"Ultra solo", "My blood", "BrokeBoi" Polimá Westcoast
76%
"Gran pecador", "Loca", "El conductor" Chico Trujillo
75%
"Abrázame", "Más de la mitad", "Querida rosa" Cami
74%
"Hablar de ti", "Ser amigos", "Fruta y té" Gepe
73%
"Freebola", "Enamorado de ti", "Grado 3" Glup!
73%
"Fingías", "Mami", "Not steady" Paloma Mami
71%
"Sobreviviendo", "Morena esperanza", "Baila caporal" Illapu
70%
"Algún día volverás", "El gil de tu ex", "Como duele" Santaferia
70%
"Afortunada", "Buen soldado", "Que sería" Francisca Valenzuela
69%
"Pensando en ti", "Facts", "Vibras" Pablo Chill-e
66%
"Juana María", "Que más quisiera yo", "Olvídalo" Los Vásquez
65%
"Tatatí", "La exiliada del sur", "Alturas" Inti-Illimani
63%
"He vuelto por ti", "Herida", "El hombre que yo amo" Myriam Hernández
61%
"Eligiendo una reina", "Locura espacial", "El impostor" Chancho en Piedra
60%
"Shock", "1977", "Mi verdad" Ana Tijoux
58%
"Hijo del sol luminoso", "La funa", "Mágico" Joe Vasconcellos
57%
"Cambio de piel", "Lucha en equilibrio", "Isidora" Denise Rosenthal
53%
"Baño de mar a medianoche", "Puré de papas", "Un compromiso" Cecilia
52%
"Mentira", "Día cero", "Aquí" La Ley
52%
"Otra era", "Yo No Te Pido La Luna", "Esquemas juveniles" Javiera Mena
48%
"Acuario", "La danza de las libélulas", "María" Manuel García
48%
"Combo final", "Malos amigos", "Mateo" Tronic
44%
No se encontraron pruebas coincidentes
Distribución de puntuación
Porcentaje de gente con cada puntuación
Porcentaje por número respondido
Historial de tus puntuaciones
No has intentado esta prueba.